000 00561nam a22001577a 4500
003 NUST
082 _a621
100 _a Khan ,Mehmood
_9126484
245 _aEnergy Absorption of Hybrid Lattice Structure based crash box designed for Additive manufacturing /
_cMehmood Khan
264 _aIslamabad:
_b SMME- NUST.
_c2024.
300 _a77p. ;
_bSoft Copy,
_c30cm.
650 _aMS Mechanical Engineering
700 _aSupervisor: Dr. Muhammad Rizwan ul Haq
_9126485
856 _uhttp://10.250.8.41:8080/xmlui/handle/123456789/46896
942 _2ddc
_cTHE
999 _c612156
_d612156